Music Quiz

Random Music or Artist Quiz

We're #1- AND #2 Quiz Stats

 Plays Quiz not verified by Sporcle

Challenge
Share
Tweet
To get the names of the songs as a hint, type "Hint" and the number of the question. For each artist you name correctly without a hint, you'll be credited for two answers. If you need the hint, you'll only get credit for one.
Score 0/28 Timer 05:00
0 Plays Today
Dates Artists % Correct
#2: February 22, 1964 - April 25, 1964???
95.9%
#1:October 20, 1956 - November 3, 1956???
92.1%
Answer #2 Hint/Songs:???
88%
#3: March 18, 1978 - April 15, 1978???
74.9%
Answer #1 Hint/Songs:???
72.5%
#12: June 27, 2009 - July 18, 2009???
62%
#6: December 20, 2003 - February 7, 2004???
57.7%
#5: August 10, 2002 - August 31, 2002???
53.2%
#9: September 10, 2005???
52.9%
#7: June 26, 2004???
51%
#13: June 29, 2013 - July 27, 2013???
47.5%
#8: April 16, 2005???
43.2%
#11: October 18, 2008 & November 1-29, 2008???
43%
Answer #3 Hint/Songs:???
41%
Dates Artists % Correct
Answer #9 Hint/Songs:???
38.7%
#14: June 7, 2014 - June 14, 2014???
34.4%
Answer #7 Hint/Songs:???
33.1%
Answer #12 Hint/Songs:???
30.6%
#10: December 2, 2006 & April 14, 2007???
27.4%
Answer #11 Hint/Songs:???
27%
#4: April 20, 2002 - May 18, 2002???
21.8%
Answer #8 Hint/Songs:???
17%
Answer #13 Hint/Songs:???
16.2%
Answer #5 Hint/Songs:???
15.6%
Answer #6 Hint/Songs:???
14%
Answer #14 Hint/Songs:???
13.9%
Answer #4 Hint/Songs:???
6.6%
Answer #10 Hint/Songs:???
5.3%

You're not logged in!

Compare scores with friends on all Sporcle quizzes.
Join for Free
OR
Log In

You Might Also Like...

Show Comments

Extras

Top Quizzes Today


Score Distribution

Your Account Isn't Verified!

In order to create a playlist on Sporcle, you need to verify the email address you used during registration. Go to your Sporcle Settings to finish the process.

Report this User

Report this user for behavior that violates our Community Guidelines.

Details: